000 00669nam a2200241Ia 4500
005 20250425162620.0
008 250425s9999 xx 000 0 und d
020 _a9789978672587
041 _aspa
082 _a354.3
100 _aDAVILA PAREDES, TANIA
245 0 _aONG Y ESTADO: PARTICIPACION, RIVALIDAD Y COOPERACION EN LA GESTION AMBIENTAL
250 _a1A ED.
260 _aEcuador
_bFLACSO, SEDE ECUADOR: EDICIONES ABYA YALA
_c2010
260 _aS.L.
300 _a183
500 _aSERIE TESIS
650 _aGESTION AMBIENTAL
650 _aORGANIZACIONES NO GUBERNAMENTALES
650 _aPROTECCION ECOLOGICA
942 _c01
010 _a90496
999 _c232897
_d232897